<?xml version="1.0" encoding="UTF-8"?><?xml-stylesheet type="text/xsl" href="static/style.xsl"?><OAI-PMH xmlns="http://www.openarchives.org/OAI/2.0/" xmlns:xsi="http://www.w3.org/2001/XMLSchema-instance" xsi:schemaLocation="http://www.openarchives.org/OAI/2.0/ http://www.openarchives.org/OAI/2.0/OAI-PMH.xsd"><responseDate>2026-04-14T08:45:36Z</responseDate><request verb="GetRecord" identifier="oai:www.recercat.cat:2117/412594" metadataPrefix="marc">https://recercat.cat/oai/request</request><GetRecord><record><header><identifier>oai:recercat.cat:2117/412594</identifier><datestamp>2025-07-22T15:39:44Z</datestamp><setSpec>com_2072_1033</setSpec><setSpec>col_2072_452951</setSpec></header><metadata><record xmlns="http://www.loc.gov/MARC21/slim" xmlns:dcterms="http://purl.org/dc/terms/" xmlns:xsi="http://www.w3.org/2001/XMLSchema-instance" xmlns:doc="http://www.lyncode.com/xoai" xsi:schemaLocation="http://www.loc.gov/MARC21/slim http://www.loc.gov/standards/marcxml/schema/MARC21slim.xsd">
   <leader>00925njm 22002777a 4500</leader>
   <datafield ind2=" " ind1=" " tag="042">
      <subfield code="a">dc</subfield>
   </datafield>
   <datafield ind2=" " ind1=" " tag="720">
      <subfield code="a">Rosa Linares, Betsy de la</subfield>
      <subfield code="e">author</subfield>
   </datafield>
   <datafield ind2=" " ind1=" " tag="260">
      <subfield code="c">2024-07-04</subfield>
   </datafield>
   <datafield ind2=" " ind1=" " tag="520">
      <subfield code="a">Se realizó un estudio descriptivo con enfoque cualitativo sobre la prevención del suicidio laboral y su vigilancia en la salud de los trabajadores. Se definieron los siguientes objetivos: Identificar los factores de riesgo asociados al suicidio en el entorno laboral, incluyendo los aspectos psicosociales, organizacionales y personales. Analizar cómo la vigilancia de la salud en el trabajo puede contribuir a la prevención del suicidio, destacando su papel en la identificación y gestión de factores de riesgo. Proponer programas de sensibilización y formación para empleadores y empleados, enfocados en la detección temprana de signos de riesgo y en la promoción de un entorno de trabajo saludable. Se analizaron varios casos que subrayan la necesidad de abordar los riesgos psicosociales en el entorno laboral, destacando factores como el estrés extremo, la presión laboral constante, la falta de apoyo emocional y la precariedad de las condiciones de trabajo. En este contexto, se evidencia la marcada insuficiencia en la integración de los riesgos psicosociales dentro de los programas de vigilancia de la salud laboral, dejando de lado aspectos fundamentales de la salud psicosocial de los trabajadores. Conclusiones: Los factores de riesgo más predominantes, son los aspectos psicosociales (estrés extremo, presión laboral, falta de apoyo emocional) y organizacionales (precariedad de las condiciones de trabajo). Se destacó que la vigilancia de la salud en el trabajo es crucial para la prevención del suicidio, ya que permite identificar y gestionar los factores de riesgo.</subfield>
   </datafield>
   <datafield tag="653" ind2=" " ind1=" ">
      <subfield code="a">Àrees temàtiques de la UPC::Economia i organització d'empreses::Seguretat industrial::Prevenció de riscos laborals</subfield>
   </datafield>
   <datafield tag="653" ind2=" " ind1=" ">
      <subfield code="a">Work--Psychological aspects</subfield>
   </datafield>
   <datafield tag="653" ind2=" " ind1=" ">
      <subfield code="a">Industrial safety</subfield>
   </datafield>
   <datafield tag="653" ind2=" " ind1=" ">
      <subfield code="a">Suicidio laboral, vigilancia de la salud, riesgos psicosociales</subfield>
   </datafield>
   <datafield tag="653" ind2=" " ind1=" ">
      <subfield code="a">Treball--Aspectes psicològics</subfield>
   </datafield>
   <datafield tag="653" ind2=" " ind1=" ">
      <subfield code="a">Salut en el treball</subfield>
   </datafield>
   <datafield ind2="0" ind1="0" tag="245">
      <subfield code="a">Prevención del suicidio y vigilancia de la salud en el ambiente laboral</subfield>
   </datafield>
</record></metadata></record></GetRecord></OAI-PMH>